000 00834nam a2200253 a 4500
005 20240925065144.0
008 010829s2000 r 000 0 eng d
020 _a8477387907(10 dígitos v.2)
020 _a9788477387909(13 dígitos v.2)
020 _a8477384355(10 dígitos v.1)
035 _aUPN01000110698
049 _aCG
050 4 _aHM251
_bT7.2
245 0 0 _aTratado de psicología social /
_cJosé Miguel Fernández Dols ... [et al.].
260 _aMadrid :
_bSíntesis,
_c2000.
300 _av. :
_bil.
440 0 _aPsicología social ;
_v9
440 0 _aPsicología social ;
_v8
505 8 _aContenido:
_gv.1.
_tProcesos básicos --
_gv.2.
_tInteracción social
650 4 _aPsicología social
_95889
650 4 _aInteracción social
_98936
700 1 _aFernández Dols, José Miguel,
_ecoaut.
905 _aLibro
999 _c84607
_d84607